| 000 | 00961nam a2200289 4500 | ||
|---|---|---|---|
| 003 | DO-SdBPM | ||
| 005 | 20250724104815.0 | ||
| 007 | ta | ||
| 008 | 170116b1994 sp| 00| 0 spa d | ||
| 020 | _a843298180X | ||
| 040 |
_aDO-SdBPM _bspa _cBPMSU _erda |
||
| 082 | 4 |
_a745.5 _bS374s 1994 _222 |
|
| 100 | 1 |
_aSchorege, Margarete _eautora |
|
| 245 | 1 | 0 |
_aSencillos objetos para regalar / _c Margarete Schorege ; traductor Greta Bickel _b |
| 264 |
_aBarcelona : _bGRupo Editorial Ceac, _c1996 |
||
| 300 |
_a31 páginas . : _bilustraciones ; _c22 cm |
||
| 336 |
_atexto _btxt _2rdacontent |
||
| 337 |
_asin mediación _bn _2rdamedia |
||
| 338 |
_avolumen _bnc _2rdacarrier |
||
| 590 | _aInventariado, 2025/VM | ||
| 650 | 7 | _a Trabajos manuales (Educación) | |
| 650 | 7 |
_aArte _xEnseñanza primaria _vTécnicas |
|
| 650 | 7 |
_aArtesanías _xElaboración |
|
| 700 |
_aBickel, Greta _e traductor |
||
| 910 | _aVMateo V. Control de calidad. BPMSU | ||
| 942 |
_2ddc _cBK |
||
| 999 |
_c15261 _d15261 |
||